000 00434nam a2200169Ia 4500
003 LK-CoDNM
008 010623t1998 xxu||||| |||| 00| 1 eng d
040 _aLK-CoDNM
_dLK-CoDNM
_eLK-CoDNM
041 _aeng
080 _a82-9
_bHAR
100 _aHarischandra, D.V.J.
245 _aPsychiatric Aspects of Jathaka stories
260 _bD.N.Athukorala
_c1998
300 _b(xiv)235, 22 cm
650 _aJathaka stories
942 _cBK
999 _c118670
_d118670